000 00523cam a22002054a 4500
005 20250605164254.0
008 250528s ||||||||||||||||||||||||d
035 _a21841
020 _a9780201731354
040 _aGR-AtMCL
_bgre
_dGR-AtMCL
_eAACR2
245 1 _aMACROMEDIA DREAMWEAVER 4 TRAINING FROM THE SOURCE
250 _a1
260 _bMacromedia Press,
_c2001
300 _a369
700 1 _aPage Christine Annwn
_97748
700 1 _aSchulze Patti
_97749
942 _cBK
999 _c6899
_d6899